000 01165nam a22002417a 4500
005 20100901120957.0
006 a|||||r|||||00| 0
007 sd ammalaaahaa
008 100901t xxu||||| |||| 00| 0 eng d
028 _aN.16464
_bHis Master's Voice
035 _aGR-90
040 _aSED
_cSED
100 _aSubbulakshmi, Kokilkanchi M. S.
_917880
245 _aMain nirgunia ghun naho jaani- Bhajan /
_cby Kokilkanchi M. S. Subbulakshmi
_h[soung recording] :
246 _aमैं निर्गुनिया गुण नाहों जानी- भजन / द्वारा कोकिल्कांची एम् . एस . सुब्बुलक्ष्मी
260 _aDum Dum, India
_bHis Master's Voice
300 _a1 sound disc [Gramophone Record] :
_banalog, 33 1/3 rpm
_c9.5 in. (MP)
_fGramophone Record
500 _aBrief record
505 _aSide-2 राम मिलन के काज- भजन (Ram milan ke kaaj- Bhajan) (Kokilkanchi M. S. Subbulakshmi)
650 _aClassical music
_xExcerpts
_zIndia
_917854
942 _2ddc
_cGR
999 _c43332
_d43332